Classic British Desserts. - Statistics

General Stats
  • This quiz has been taken 267 times
    244 since last reset
  • The average score is 11 of 24
Answer Stats
Picture Answer % Correct
Scone
88%
Trifle
88%
Hot cross bun
81%
Victoria sponge
72%
Mince pie
67%
Crumble
64%
Bread and butter pudding
61%
Eton Mess
60%
Rice pudding
53%
Battenberg
51%
Spotted dick
47%
Bakewell tart
45%
Banoffee pie
43%
Colin the Caterpillar
43%
Sticky toffee pudding
40%
Custard tart
37%
Welsh cake
31%
Eccles cake
30%
Malt loaf
26%
Treacle tart
24%
Deep fried Mars bar
21%
Angel Delight
17%
Parkin
14%
Manchester tart
11%
No matching quizzes found
Score Distribution
Percent of People with Each Score
Percentile by Number Answered
Your Score History
You have not taken this quiz since the last reset